书目信息 |
| 题名: |
声乐教学与舞蹈艺术研究
|
|
| 作者: | 王薏萍 , 朱思潮 , 乔夏红 著 | |
| 分册: | ||
| 出版信息: | 北京 中国纺织出版社 2019 |
|
| 页数: | 260页 | |
| 开本: | 24cm | |
| 丛书名: | ||
| 单 册: | ||
| 中图分类: | J616 , J7-42 | |
| 科图分类: | ||
| 主题词: | 声乐艺术--sheng le yi shu--教学研究 , 舞蹈艺术--wu dao yi shu--教学研究 | |
| 电子资源: | ||
| ISBN: | 978-7-5180-5044-4 | |
| 000 | 01064nam0 2200301 450 | |
| 001 | 1937641251 | |
| 005 | 20190321093014.3 | |
| 010 | @a978-7-5180-5044-4@dCNY 77.00 | |
| 099 | @aCAL 012019030432 | |
| 100 | @a20190225d2019 em y0chiy50 ea | |
| 101 | 0 | @achi |
| 102 | @aCN@b110000 | |
| 105 | @ay a 000yy | |
| 200 | 1 | @a声乐教学与舞蹈艺术研究@Asheng yue jiao xue yu wu dao yi shu yan jiu@f王薏萍, 朱思潮, 乔夏红著 |
| 210 | @a北京@c中国纺织出版社@d2019 | |
| 215 | @a260页@d24cm | |
| 320 | @a有书目 (第259-260页) | |
| 330 | @a本书从音乐教育、声乐教学, 声乐演唱与教学研究、音乐德育研究等多个方面体现了声乐表演与舞蹈艺术的融合创新, 分析了舞蹈艺术与声乐演唱的关系, 并在此分析基础上就两者的艺术功能进行分析。 | |
| 606 | 0 | @a声乐艺术@Asheng le yi shu@x教学研究 |
| 606 | 0 | @a舞蹈艺术@Awu dao yi shu@x教学研究 |
| 690 | @aJ616@v5 | |
| 690 | @aJ7-42@v5 | |
| 701 | 0 | @a王薏萍@Awang yi ping@4著 |
| 701 | 0 | @a朱思潮@Azhu si chao@4著 |
| 701 | 0 | @a乔夏红@Aqiao xia hong@4著 |
| 801 | 0 | @aCN@b人天书店@c20190225 |
| 905 | @aBZT@dJ616@e7 | |
| 998 | @aRTBOOK | |
| 声乐教学与舞蹈艺术研究/王薏萍, 朱思潮, 乔夏红著.-北京:中国纺织出版社,2019 |
| 260页;24cm |
| ISBN 978-7-5180-5044-4:CNY 77.00 |
| 本书从音乐教育、声乐教学, 声乐演唱与教学研究、音乐德育研究等多个方面体现了声乐表演与舞蹈艺术的融合创新, 分析了舞蹈艺术与声乐演唱的关系, 并在此分析基础上就两者的艺术功能进行分析。 |
| ● |
| 相关链接 |
|
|
|
正题名:声乐教学与舞蹈艺术研究
索取号:J616/7
 
预约/预借
| 序号 | 登录号 | 条形码 | 馆藏地/架位号 | 状态 | 备注 |
| 1 | 866494 | 2000866494 | 第二书库/ [索取号:J616/7] | 在馆 | |
| 2 | 866495 | 2000866495 | 第二书库/ [索取号:J616/7] | 在馆 | |
| 3 | 866496 | 2000866496 | 第二书库/ [索取号:J616/7] | 在馆 |